1871 1686 1479 1740 1773 1548 1242 1972 1569 1907 1438 1107 1199 1713 1439 1776 1266 1634 1314 1726 1402 1682 1359 1074 1865 1309 1617 1263 1117 1724 1951 1867 1962 1962 1874 1363 1962 1920 1699 1248 1976 1866 1974 1408 1104 1648 1633 1271 1014 1871 1920 1163 1279 1202 1077 1541 1007 1645 1534 1072 1185 1693 1235 1413 1196 1137 1517 1998 1385 1774 1650 1515 1721 1639 1212 1894 1432 1217 1550 1917 1913 1862 1356 1226 1058 1203 1315 1366 1879 1290 1717 1489 1770 1817 1336 1066 1789 1679 1787 BCNSPRNW ULIB Ver.6.0+V

เปลี่ยนเป็นภาษาไทย

Change to English
 แสดงรายละเอียดบรรณานุกรม
  กลับหน้าหลัก

Brief Record : Get Marc (ISO 2709) : E-mail record : QR code < ปิดหน้าต่าง
LEADER : 00000nam 2200000uu 4500
001    13399114928
003     ULIB
008    020711s2546 th a 000 0 tha d
020    ^a9743821783
050  4 ^aBJ1725^bส693ก
110    ^aสำนักงานคณะกรรมการอุดมศึกษา
245    ^aการศึกษา วิเคราะห์ สังเคราะห์ ภาพรวมจรรยาบรรณวิชาชีพในประเทศไทย /^cสำนักงานคณะกรรมการอุดมศึกษา
260    ^aกรุงเทพฯ :^bสำนักงานคณะกรรมการอุดมศึกษา,^c2546
300    ^a111 หน้า
650  7 จรรยาบรรณวิชาชีพ
650  7 จรรยาบรรณพยาบาล
945    ^p0^l0^i015826
999 ^a ทศพร
รายการนี้ยังไม่มีแท็ก
คุณยังไม่ได้ล็อกอิน คุณสามารถมีกิจกรรมร่วมกับเว็บไซต์ได้ แต่ต้องล็อกอินก่อน ::
  ล็อกอิน

รายการสื่อสารสนเทศ

ลำดับที่ ประเภท เลขเรียก/บาร์โค้ด สถานที่ สถานะ
- ไม่พบข้อมูล -

รายการใกล้เคียง
    ผู้แต่ง []

    หัวเรื่อง [จรรยาบรรณวิชาชีพ]
    หัวเรื่อง [จรรยาบรรณพยาบาล]

BibComment


ยังไม่เคยถูกคอมเมนท์

คอมเมนท์ทรัพยากรรายการนี้
  คอมเมนท์: การศึกษา วิเคราะ..


 Copyright 2026. Bcnsprnw @Library